Statistics for Provinces of Algeria (With a Map)

Click here to take the quiz!

General Stats

  • This quiz has been taken 1,831 times
  • The average score is 19 of 48

Answers on the Map

Answers color-coded by a green-red scale on the quiz's map according to % correct below.
 

Answer Stats

Province% Correct
Algiers
94%
Oran
82%
Constantine
66%
Tlemcen
59%
Annaba
56%
Béjaïa
54%
Adrar
53%
Blida
50%
Tizi Ouzou
50%
Chlef
49%
Sétif
48%
Tindouf
48%
Biskra
46%
Batna
45%
Béchar
45%
Skikda
43%
Djelfa
41%
Mostaganem
41%
Jijel
40%
Bouïra
39%
Tipaza
39%
Ouargla
37%
Sidi Bel Abbès
37%
Boumerdès
36%
El Oued
36%
Ghardaïa
36%
Illizi
36%
Laghouat
36%
Mascara
35%
Tébessa
34%
Médéa
32%
M'sila
32%
Tiaret
32%
Aïn Témouchent
31%
Mila
31%
Aïn Defla
29%
Guelma
29%
Naâma
28%
Saïda
28%
Relizane
27%
Souk Ahras
27%
Khenchela
26%
Oum el-Bouaghi
26%
Tamanghasset
26%
Bordj Bou Arréridj
25%
El Bayadh
24%
El Taref
24%
Tissemsilt
23%

Score Distribution

Percentile by Number Answered

Percent of People with Each Score

Your Score History

You have not taken this quiz